000 01355nam a2200313 a 4500
001 ebr10475827
003 CaPaEBR
006 m u
007 cr cn|||||||||
008 110621s2011 enk sb 001 0 eng d
020 _z9781855758438
020 _z9781849408929 (e-book)
040 _aCaPaEBR
_cCaPaEBR
035 _a(OCoLC)743083911
050 1 4 _aBF175.5.S48
_bS33 2011eb
100 1 _aSchaeffer, Jacqueline.
245 1 4 _aThe universal refusal
_h[electronic resource] :
_ba psychoanalytic exploration of the feminine sphere and its repudiation /
_cJacqueline Schaeffer ; translated by David Alcorn.
260 _aLondon :
_bKarnac,
_c2011.
300 _axix, 264 p.
504 _aIncludes bibliographical references and index.
505 0 _apt. 1. Repudiating the feminine sphere (the sphinx and her forlorn soul) -- pt. 2. Preludes to the feminine sphere.
533 _aElectronic reproduction.
_bPalo Alto, Calif. :
_cebrary,
_d2011.
_nAvailable via World Wide Web.
_nAccess may be limited to ebrary affiliated libraries.
650 0 _aPsychoanalysis.
650 0 _aWomen
_xSexual behavior.
655 7 _aElectronic books.
_2local
700 1 _aAlcorn, David.
710 2 _aebrary, Inc.
856 4 0 _uhttp://site.ebrary.com/lib/rucke/Doc?id=10475827
_zAn electronic book accessible through the World Wide Web; click to view
999 _c215986
_d215986